00850nam a2200193Ia 4500001015900000002005100159008003700210010001100247530002200258650004300280650004300323650004700366650006700413700004800480700004600528700004400574942001900618999001900637IA_We must also keep in mind that by protecting our wild life and natural resources it is possible to create jobs in margined areas such as these communities.ESTUDIO INTEGRAL DEL SISTEMA PRODUCTO MIEL EN LA R220117s xx 000 0 und d a184683 aDisponible en PDF 0aApiculturazMéxicozOaxaca 9157582 0aApiculturezMéxicozOaxaca 9157583 aHoney and bee productsxProduction9157584 aMiel y productos fabricados por abejasxProducción 9157585 aAscencio Rivera, J. Rogelio, asesor9163661 aPonce Hernández, Pedro, asesor 9163694 aSzymanski Duque, Rosa G., dir. 9157586 cTESIS C84 2013 c184683d184683